|
|
|
|
| LEADER |
00000cam a2200000 c 4500 |
| 001 |
1604170158 |
| 003 |
DE-627 |
| 005 |
20260206204248.0 |
| 007 |
tu |
| 008 |
960131s1995 xx ||||| 00| ||fre c |
| 020 |
|
|
|a 2200215746
|9 2-200-21574-6
|
| 035 |
|
|
|a (DE-627)1604170158
|
| 035 |
|
|
|a (DE-603)049773763
|
| 035 |
|
|
|a (DE-576)050103172
|
| 035 |
|
|
|a (DE-599)BSZ050103172
|
| 035 |
|
|
|a (OCoLC)32138352
|
| 040 |
|
|
|a DE-627
|b ger
|c DE-627
|e rakwb
|
| 041 |
|
|
|a fre
|
| 082 |
0 |
|
|a 323
|
| 100 |
1 |
|
|a Lebreton, Gilles
|d 1958-
|0 (DE-588)139351663
|0 (DE-627)610250442
|0 (DE-576)16651747X
|4 aut
|
| 109 |
|
|
|a Lebreton, Gilles 1958-
|a Lebreton, G. 1958-
|
| 245 |
1 |
0 |
|a Libertés publiques et droits de lh̕omme
|c Gilles Lebreton
|
| 264 |
|
1 |
|a Paris
|b Colin
|c 1995
|
| 300 |
|
|
|a 462 S.
|
| 336 |
|
|
|a Text
|b txt
|2 rdacontent
|
| 337 |
|
|
|a ohne Hilfsmittel zu benutzen
|b n
|2 rdamedia
|
| 338 |
|
|
|a Band
|b nc
|2 rdacarrier
|
| 490 |
0 |
|
|a Droit
|
| 505 |
8 |
|
|a Literaturangaben
|
| 583 |
1 |
|
|a Archivierung prüfen
|c 20200919
|f DE-640
|z 3
|2 pdager
|
| 650 |
0 |
7 |
|0 (DE-588)4022344-9
|0 (DE-627)106309382
|0 (DE-576)208943137
|a Grundrecht
|2 gnd
|
| 650 |
0 |
7 |
|0 (DE-588)4074725-6
|0 (DE-627)106088556
|0 (DE-576)209195088
|a Menschenrecht
|2 gnd
|
| 651 |
|
7 |
|0 (DE-588)4018145-5
|0 (DE-627)106327232
|0 (DE-576)208922857
|a Frankreich
|2 gnd
|
| 935 |
|
|
|h HEB
|i 0501
|
| 935 |
|
|
|h HEB
|i 0503
|
| 936 |
s |
n |
|a m100
|2 mzub
|
| 951 |
|
|
|a BO
|
| ELC |
|
|
|b 1
|
| LOK |
|
|
|0 000 xxxxxcx a22 zn 4500
|
| LOK |
|
|
|0 001 3100664868
|
| LOK |
|
|
|0 003 DE-627
|
| LOK |
|
|
|0 004 1604170158
|
| LOK |
|
|
|0 005 20151116135210
|
| LOK |
|
|
|0 008 150728||||||||||||||||ger|||||||
|
| LOK |
|
|
|0 035
|a (DE-21-110)kd49463
|
| LOK |
|
|
|0 040
|a DE-21-110
|c DE-627
|d DE-21-110
|
| LOK |
|
|
|0 689
|a s
|a Menschenrechte
|
| LOK |
|
|
|0 852
|z Kein Bestand am IfK; Nachweis für KrimDok
|
| LOK |
|
|
|0 852
|a DE-21-110
|
| LOK |
|
|
|0 852 1
|9 00
|
| LOK |
|
|
|0 935
|a k110
|
| LOK |
|
|
|0 939
|a 28-07-15
|b l01
|
| ORI |
|
|
|a SA-MARC-krimdoka001.raw
|